Molière, (Record no. 526402)

MARC details
000 -LEADER
fixed length control field 01621cam a2200421I 4500
001 - CONTROL NUMBER
control field molirehislifew00palm
003 - CONTROL NUMBER IDENTIFIER
control field CaSfIA
005 - DATE AND TIME OF LATEST TRANSACTION
control field 20210118190241.0
007 - PHYSICAL DESCRIPTION FIXED FIELD--GENERAL INFORMATION
fixed length control field cr||||
008 - FIXED-LENGTH DATA ELEMENTS--GENERAL INFORMATION
fixed length control field 740114s1930 enka 000 0 eng d
040 ## - CATALOGING SOURCE
Original cataloging agency KSU
Transcribing agency KSU
Modifying agency OCL
-- OCLCQ
-- OCLCG
-- MTG
-- DEBBG
-- CaSfIA
019 ## -
-- 220928034
035 ## - SYSTEM CONTROL NUMBER
System control number (OCoLC)775316
Canceled/invalid control number (OCoLC)220928034
050 #4 - LIBRARY OF CONGRESS CALL NUMBER
Classification number PQ1852
Item number .P3 1930
082 04 - DEWEY DECIMAL CLASSIFICATION NUMBER
Classification number 842.4
Edition number 19
084 ## - OTHER CLASSIFICATION NUMBER
Classification number IF 8105
Source of number rvk
029 1# - (OCLC)
OCLC library identifier AU@
System control number 000009243879
029 1# - (OCLC)
OCLC library identifier NZ1
System control number 11859774
029 1# - (OCLC)
OCLC library identifier UNITY
System control number 045218498
029 1# - (OCLC)
OCLC library identifier UKDGL
System control number D28043
029 1# - (OCLC)
OCLC library identifier UNITY
System control number 117449725
029 1# - (OCLC)
OCLC library identifier W4S
System control number cli16747
029 1# - (OCLC)
OCLC library identifier UNITY
System control number 115450629
029 1# - (OCLC)
OCLC library identifier W4S
System control number vl00591858
029 1# - (OCLC)
OCLC library identifier UNITY
System control number 075910772
029 1# - (OCLC)
OCLC library identifier AU@
System control number 000008827708
029 1# - (OCLC)
OCLC library identifier DEBBG
System control number BV006563152
100 1# - MAIN ENTRY--PERSONAL NAME
Personal name Palmer, John,
Dates associated with a name 1885-1944.
245 10 - TITLE STATEMENT
Title Molière,
Medium [electronic resource]
Remainder of title his life and works.
Statement of responsibility, etc By John Palmer.
260 ## - PUBLICATION, DISTRIBUTION, ETC. (IMPRINT)
Place of publication, distribution, etc London,
Name of publisher, distributor, etc G. Bell and Sons,
Date of publication, distribution, etc 1930.
300 ## - PHYSICAL DESCRIPTION
Extent vii, 431 p.
Other physical details illus.
Dimensions 22 cm.
506 ## - RESTRICTIONS ON ACCESS NOTE
Standardized terminology for access restriction Необхідна авторизація на https://archive.org/ (створення облікового запису безкоштовно)
506 ## - RESTRICTIONS ON ACCESS NOTE
Standardized terminology for access restriction Необхідна авторизація на https://openlibrary.org/ (створення облікового запису безкоштовно)
600 10 - SUBJECT ADDED ENTRY--PERSONAL NAME
Personal name Molière,
Dates associated with a name 1622-1673.
856 41 - ELECTRONIC LOCATION AND ACCESS
Uniform Resource Identifier <a href="http://www.archive.org/details/molirehislifew00palm">http://www.archive.org/details/molirehislifew00palm</a>
Public note Free eBook from the Internet Archive
856 42 - ELECTRONIC LOCATION AND ACCESS
Uniform Resource Identifier <a href="http://www.openlibrary.org/books/OL24403166M">http://www.openlibrary.org/books/OL24403166M</a>
Public note Additional information and access via Open Library
942 ## - ADDED ENTRY ELEMENTS (KOHA)
Koha item type ЕКнига

No items available.